000 01039cam a2200337 4500
008 090401t1995 xxu||||| |||| 00| 0 eng d
020 _a0704905345
035 _a(Sirsi) u26425
041 _aeng
050 _a333.76
_c18
100 _aRavenscroft, N.
245 4 _aThe financial implications to landowners and farmers of the Countryside Stewardship Scheme.
260 _aReading
_bCELTS
_c1995
300 _a32 leaves ; 30cm.
350 _a0
490 _aCentre for Environment and Land Tenure Studies Research Series
_v95/1
520 _aReport prepared for the Ramblers Association.
650 _aCOUNTRYSIDE STEWARDSHIP SCHEME
650 _aFARM INCOMES
650 _aFARM LAND
650 _aLAND PRICES
650 _aRAMBLERS ASSOCIATION
690 _aRURAL PRACTICE
700 _aPrag, Peter A. B.
700 _aGibbard, R.
700 _aMarkwell, S. S.
710 _aCentre for Environment and Land Tenure Studies
_92835
710 _aUniversity of Reading
_93273
942 _n0
948 _c04/03/1997
999 _c88933
_d88933